000 00722nam a2200217Ii 4500
003 JO-AjNU
008 230605s9999||||xx |||||||||||||| ||und||
017 _a2009/3/426
040 _aJO-AjNU
_bara
_erda
_cJO-AjNU
041 _aara
050 1 4 _aPJ7510.I5298 2008
100 3 _aإعداد العناني، زهير ؛ طارق هياجنة,
_eauthor
_923484
245 0 0 _aسلسلة في الفكر والأدب والحياة، ج7
250 _aط1
264 3 1 _aعمان: دار إبن بطوطة، 2009
300 _aج7، 263ص
336 _atext
_btxt
_2rdacontent
337 _aunmediated
_bn
_2rdamedia
338 _avolume
_bnc
_2rdacarrier
650 4 _aالنقد الأدبي - تحليل أدبي
_923485
999 _aA8503
_c12071
_d12071